01546 2200229 4500001002100000005001500021008004100036020002000077035001900097041000800116082001300124084001900137100002000156245004100176250001100217260003600228300003300264520092800297650003001225650001901255650004201274INLIS00000000000203720200508201716200508||||||||| | ||| |||| ||eng|| a10 1-4129-21872 0010-0520002037 aeng0 a347.1722 a347.1722/DRU/C0 aDaniel Druckman00aConsflict Resolution Voluime I 06932 acet. 1 aLondonbSage Publicationsc2006 a396 hlm ; 23, 5 cmc23, 5 cm aHow international conflict might be managed or resolved is a major focal point of a very large and growing body of scholarly research. This five volume set provides an intellectual history to the fields of conflict management and resolution as well as some of the best contemporary research on the subject. Incorporating over 80 articles, the volumes also include a number of classic works that have been critical in setting the conceptual and theoretical underpinnings of research today. The result is a wide-ranging collection encompassing many topics and streams of research over several decades from a number of disciplinary heritages including political science, social psychology and economics. Topical coverage includes but is not limited to theories of conflict, evaluation methods, crisis management, negotiation, mediation, peacekeeping, intervention as well as articles on implementation and long term resolution 0aMediation , International 0aReconsiliation 0aConflict Management , Social Conflict